FAO yearbook fishery statistics aquaculture production; N.86.2/1998

Kaydedildi:
Detaylı Bibliyografya
Yazar: FAO
Materyal Türü: Kitap
Dil:Undetermined
Baskı/Yayın Bilgisi: Rome FAO 2000
Konular:
Etiketler: Etiketle
Etiket eklenmemiş, İlk siz ekleyin!
Thư viện lưu trữ: Trung tâm Học liệu Trường Đại học Cần Thơ
LEADER 00560nam a2200181Ia 4500
001 CTU_40127
008 210402s9999 xx 000 0 und d
082 |a 639 
082 |b F218/N.86.2 
100 |a FAO 
245 0 |a FAO yearbook fishery statistics aquaculture production; N.86.2/1998 
245 0 |c FAO 
260 |a Rome 
260 |b FAO 
260 |c 2000 
650 |a fisheries - catch effort,fisheries - fishing effort,fisheries - statistics 
904 |i Nguyễn Quang Điền, 010102 
980 |a Trung tâm Học liệu Trường Đại học Cần Thơ